000 00572nam a2200193 i 4500
001 41904
003 ES-MaACL
005 20250816233153.0
007 t|
008 030312s1926 sp ||||1| spa d
100 1 _aCasas Gaspar, Enrique.
_936221
245 1 3 _aLa covada y el origen del totemismo /
_cEnrique Casas.
260 _aToledo :
_bEd. Católica Toledana,
_c1926.
300 _aVI, 154 p. :
_bil. ;
_c22 cm.
650 4 _aTotemismo.
_917573
650 7 _aRitos y ceremonias
_2embne
_916917
852 4 _aES-MaACL
_j1740-F-5
999 _c41904
_d41904